Осушение месторождений, рудничная гидрогеология, специальные горные работы: отраслевой тематический сборник научных трудов; Вып. 25

Λεπτομέρειες βιβλιογραφικής εγγραφής
Συγγραφή απο Οργανισμό/Αρχή: Всесоюзный научно-исследовательский и проектно-конструкторский институт по осушению месторождений полезных ископаемых, специальным горным работам, рудничной геологии и маркшейдерскому делу (ВИОГЕМ)
Άλλοι συγγραφείς: Оксанич И. Ф. (редактор)
Γλώσσα:Ρωσικά
Έκδοση: Белгород, Изд-во ВИОГЕМ, 1978
Σειρά:Труды ВИОГЕМ
Θέματα:
Μορφή: Βιβλίο
KOHA link:https://koha.lib.tpu.ru/cgi-bin/koha/opac-detail.pl?biblionumber=333727

MARC

LEADER 00000nam0a2200000 4500
001 333727
005 20231102004602.0
035 |a (RuTPU)RU\TPU\book\359740 
035 |a RU\TPU\book\359739 
090 |a 333727 
100 |a 20170623d1978 k y0rusy50 ca 
101 0 |a rus 
102 |a RU 
105 |a a z 001zy 
200 1 |a Осушение месторождений, рудничная гидрогеология, специальные горные работы  |e отраслевой тематический сборник научных трудов  |h Вып. 25  |f Всесоюзный научно-исследовательский и проектно-конструкторский институт по осушению месторождений полезных ископаемых, специальным горным работам, рудничной геологии и маркшейдерскому делу (ВИОГЕМ) ; под ред. И. Ф. Оксанича 
210 |a Белгород  |c Изд-во ВИОГЕМ  |d 1978 
215 |a 139 с.  |c ил. 
225 1 |a Труды ВИОГЕМ 
320 |a Библиография в конце статей 
606 1 |a Гидрогеология горнопромышленная  |2 stltpush  |3 (RuTPU)RU\TPU\subj\6640  |9 34471 
610 1 |a рудные месторождения 
610 1 |a осушение 
610 1 |a мелиорация 
610 1 |a горные работы 
610 1 |a гидротехнические исследования 
610 1 |a дренажные устройства 
610 1 |a сооружения 
610 1 |a технические средства 
610 1 |a скважины 
610 1 |a промывка 
610 1 |a осадкообразование 
610 1 |a гелеобразование 
610 1 |a шпуровые заряды 
675 |a 622.5  |v 4 
702 1 |a Оксанич  |b И. Ф.  |4 340 
712 0 2 |a Всесоюзный научно-исследовательский и проектно-конструкторский институт по осушению месторождений полезных ископаемых, специальным горным работам, рудничной геологии и маркшейдерскому делу (ВИОГЕМ)  |c (Белгород)  |c (1967-1983)  |2 stltpush  |3 (RuTPU)RU\TPU\col\20191 
801 1 |a RU  |b 63413507  |c 20170623 
801 2 |a RU  |b 63413507  |c 20170626  |g RCR 
942 |c BK